000 00748nam a2200241 a 4500
001 BRCA_5364
005 20190320205040.0
008 081210s1978----enka######---#000-0#eng-#
020 _a0289708451
041 _aeng
044 _aenk
050 4 _aN5208.5
_b.C47 1978
245 1 0 _aChristie´s review of the season 1978
_cedited by John Herbert.
260 _aLondres
_bStudio Vista
_c1978
300 _a520 p.
_bil. (algunas a color)
_c27 cm.
500 _aIncluye índice de nombres
500 _aDonación Dr. Héctor Rivero Borrell Vázquez
650 1 4 _aSubastas
_xColeccionistas y colecciones
_910730
650 1 4 _aArte
_xColeccionistas y colecciones
_97445
700 1 _aHerbert, John
_eEditor
_913730
902 _aDHR
942 _2lcc
_cB
999 _c5058
_d5058